[Event "HZ Open"]
[Site "Vlissingen NED"]
[Date "2003.08.04"]
[Round "4"]
[White "Werle,J"]
[Black "Lahaye,J"]
[Result "1-0"]
[WhiteElo "2397"]
[BlackElo "2083"]

1.Nf3 Nf6 2.c4 c5 3.Nc3 e6 4.g3 d5 5.cxd5 exd5 6.d4 Nc6 7.Bg2 Be7 8.O-O cxd4
9.Nxd4 O-O 10.Be3 Be6 11.Rc1 Qa5 12.Nxc6 bxc6 13.Na4 Rab8 14.Bc5 Bxc5 15.Rxc5 Qa6
16.Qc2 Rfc8 17.Rc1 Bd7 18.b3 h5 19.Rc3 Qa5 20.Nc5 Be8 21.Re3 Rd8 22.Re7 Qa3
23.Re5 Rb4 24.Bf3 g6 25.h3 Nd7 26.Rxe8+ Rxe8 27.Nxd7 Re6 28.Qc5  1-0

[Event "ch-SLO w"]
[Site "Bled SLO"]
[Date "2003.08.05"]
[Round "4"]
[White "Srebrnic,A"]
[Black "Novak,K"]
[Result "1-0"]
[WhiteElo "2243"]
[BlackElo "2115"]

1.Nf3 Nf6 2.c4 g6 3.Nc3 c5 4.e4 Nc6 5.d4 cxd4 6.Nxd4 d6 7.Be2 Bg7 8.Be3 O-O
9.O-O Bd7 10.Qd2 Nxd4 11.Bxd4 Bc6 12.f3 a5 13.b3 Nd7 14.Be3 Nc5 15.Rab1 Qb6
16.Qc1 Rfc8 17.a3 Qd8 18.Rd1 Qf8 19.Qc2 h5 20.Bf1 Kh7 21.Ne2 Ne6 22.Nd4 Nxd4
23.Bxd4 Bxd4+ 24.Rxd4 Qg7 25.Qf2 Bd7 26.Re1 Rc7 27.Qd2 Be6 28.f4 Rac8 29.f5 gxf5
30.exf5 Bxf5 31.Rd5 e6 32.Rxd6 Rc5 33.Rd7 b6 34.Rb7 b5 35.Rxb5 Rxb5 36.cxb5 Rc2
37.Qd1 Qg5 38.b6 Rd2 39.Qf3 Bg6 40.b7 Qc5+ 41.Qe3 Qxe3+ 42.Rxe3 Rd8 43.Rc3  1-0

[Event "ch-SLO"]
[Site "Bled SLO"]
[Date "2003.08.05"]
[Round "4"]
[White "Srebrnic,V"]
[Black "Piber,Vink"]
[Result "1-0"]
[WhiteElo "2257"]
[BlackElo "2017"]

1.c4 Nf6 2.Nc3 c5 3.Nf3 d5 4.cxd5 Nxd5 5.d4 e6 6.e4 Nxc3 7.bxc3 cxd4 8.cxd4 Bb4+
9.Bd2 Qa5 10.Bxb4 Qxb4+ 11.Qd2 Qxd2+ 12.Kxd2 O-O 13.Bc4 b6 14.Ke3 Ba6 15.Rhc1 Rc8
16.Bb5 Kf8 17.a4 Ke7 18.Ne5 Rxc1 19.Rxc1 Bxb5 20.axb5 f6 21.Nc6+ Nxc6 22.Rxc6 Kd7
23.Kd3 Rc8 24.Rxc8 Kxc8 25.d5 Kd7 26.dxe6+ Kxe6 27.f4 f5 28.Kd4 fxe4 29.Kxe4 Kd6
30.Kd4 h5 31.g3 g6 32.h3 a5 33.bxa6 Kc6 34.g4 hxg4 35.hxg4  1-0

[Event "FSGM August"]
[Site "Budapest HUN"]
[Date "2003.08.08"]
[Round "7"]
[White "Jakab,A"]
[Black "Bezold,M"]
[Result "1/2-1/2"]
[WhiteElo "2442"]
[BlackElo "2462"]

1.Nf3 Nf6 2.c4 e6 3.Nc3 c5 4.g3 a6 5.Bg2 Be7 6.O-O O-O 7.d4 cxd4 8.Nxd4 Qc7
9.Na4 d6 10.Bd2 Bd7 11.Rc1 Nc6 12.Nxc6 Bxc6 13.Bxc6 Qxc6 14.b4 Rfd8 15.Qb3 h6
16.a3 Qe4 17.Qf3 b5 18.Nb6 Qxf3 19.exf3 Rab8 20.Be3 Nd7 21.Nxd7 Rxd7 22.Rfd1 Rdb7
23.Kf1 Kf8 24.Ke2 Ke8 25.Bd4 g6 26.f4 h5 27.h3 Rc7 28.Kd3 Kd7  1/2-1/2

[Event "FSIM August"]
[Site "Budapest HUN"]
[Date "2003.08.08"]
[Round "7"]
[White "Zucchelli,M"]
[Black "Berczes,D"]
[Result "0-1"]
[WhiteElo "2194"]
[BlackElo "2393"]

1.Nf3 Nf6 2.c4 c5 3.Nc3 e6 4.g3 b6 5.Bg2 Bb7 6.O-O Be7 7.Re1 d6 8.e4 a6 9.d4 cxd4
10.Nxd4 Qc7 11.Be3 Nbd7 12.Rc1 O-O 13.f4 Rfe8 14.g4 Nf8 15.g5 N6d7 16.f5 Ne5
17.b3 Rac8 18.Bh3 Bd8 19.fxe6 fxe6 20.Rf1 Nf7 21.Qd2 Qe7 22.Nf3 Rb8 23.Rcd1 Bc8
24.Rf2 Ng6 25.Rdf1 Rf8 26.Bg2 Bc7 27.h4 Bd7 28.Bh3 Nfe5 29.Nxe5 Nxe5 30.Bd4 Rxf2
31.Qxf2 Rf8 32.Qxf8+ Qxf8 33.Rxf8+ Kxf8 34.Kf2 Bd8 35.Kg3 b5 36.cxb5 axb5
37.Bxe5 dxe5 38.Bf1 b4 39.Nd1 Bc6 40.Bd3 Ke7 41.Ne3 Kd6 42.Nc4+ Kc5 43.Kf3 Kd4
44.Bb1 Be7 45.Bc2 g6 46.Bb1 Bc5 47.Nd2 Bb5 48.Nc4 Bxc4 49.bxc4 Kc3 50.Ke2 Kb2
51.Bd3 Kxa2 52.Kd1 b3  0-1

[Event "IPCA World Cup"]
[Site "Hrabyne CZE"]
[Date "2003.08.08"]
[Round "9"]
[White "Orzechowski,J"]
[Black "Chrobak,P"]
[Result "1-0"]
[WhiteElo "2264"]
[BlackElo "2006"]

1.c4 Nf6 2.Nf3 c5 3.Nc3 d5 4.cxd5 Nxd5 5.g3 Nc6 6.Bg2 Nxc3 7.bxc3 Qc7 8.O-O e6
9.d4 Be7 10.e4 O-O 11.Bf4 e5 12.Nxe5 Nxe5 13.Bxe5 Bd6 14.Bxd6 Qxd6 15.e5 Qe7
16.Re1 Be6 17.d5 Rad8 18.Qb3  1-0

[Event "World Youth Stars"]
[Site "Kirishi RUS"]
[Date "2003.08.08"]
[Round "6"]
[White "Bogosavljevic,B"]
[Black "Perman,E"]
[Result "1/2-1/2"]
[WhiteElo "2232"]
[BlackElo "2081"]

1.Nf3 c5 2.c4 Nf6 3.Nc3 d5 4.cxd5 Nxd5 5.d4 e6 6.e4 Nxc3 7.bxc3 cxd4 8.cxd4 Bb4+
9.Bd2 Bxd2+ 10.Qxd2 O-O 11.Be2 b6 12.O-O Bb7 13.Qf4 Qf6 14.Qe3 Qe7 15.Rac1 Nc6
16.Rfd1 Rac8 17.Bd3 Rfd8 18.Bb1 Na5 19.Qf4 Qf6 20.Qg4 Qg6 21.Rxc8 Rxc8 22.Qf4 Qf6
23.Qg4 Qg6 24.Qf4 Qf6 25.Qg4 Qg6 26.Qh4 Qf6 27.Qg4 Qg6 28.Qf4 Qf6  1/2-1/2

[Event "Sunstar Park Open"]
[Site "Davos SUI"]
[Date "2003.08.10"]
[Round "9"]
[White "Benkovic,P"]
[Black "Erdelyi,T"]
[Result "1-0"]
[WhiteElo "2474"]
[BlackElo "2255"]

1.Nf3 c5 2.c4 b6 3.Nc3 Nf6 4.e4 d6 5.d4 cxd4 6.Nxd4 Bb7 7.f3 e6 8.Be3 a6
9.Be2 Nbd7 10.O-O Rc8 11.Qd2 Qc7 12.Rfc1 Be7 13.a4 Qb8 14.a5 bxa5 15.Rxa5 Bd8
16.Raa1 Bc7 17.Kh1 h5 18.b4 h4 19.b5 a5 20.Nc6 Qa8 21.Na7 Rd8 22.b6 Bxb6
23.Nab5 Nc5 24.Na4 Qa6 25.Nxd6+ Rxd6 26.Qxd6 Nxa4 27.Bxb6 Nxb6 28.c5 Qxe2
29.cxb6 h3 30.Rg1 Bxe4 31.Rac1 Bb7 32.Qb8+ Ke7 33.Qxb7+ Nd7 34.Qc6 Ne5 35.Qe4 Qd2
36.Rc7+ Kf6 37.g4 g5 38.Rc2 Qd6 39.f4 gxf4 40.Qxf4+ Kg6 41.Qe4+ Kg7 42.b7 Rd8
43.Rc3 Rh8 44.Re1 f6 45.g5 Rh5 46.Rc8 Nd3 47.Rg8+ Kxg8 48.Qg6+ Kf8 49.Qxf6+ Kg8
50.Qxe6+  1-0

[Event "World Youth Stars"]
[Site "Kirishi RUS"]
[Date "2003.08.10"]
[Round "8"]
[White "Matlakov,M"]
[Black "Perman,E"]
[Result "1-0"]
[WhiteElo "2319"]
[BlackElo "2081"]

1.Nf3 c5 2.c4 Nf6 3.Nc3 d5 4.cxd5 Nxd5 5.e4 Nxc3 6.dxc3 Qxd1+ 7.Kxd1 Bg4
8.Bb5+ Nd7 9.Kc2 Bxf3 10.gxf3 a6 11.Bc4 e6 12.f4 O-O-O 13.a4 Be7 14.Be3 Nf6
15.f3 Nd7 16.a5 Rhg8 17.Rhg1 g6 18.Rab1 Kb8 19.b4 cxb4 20.cxb4 Rc8 21.Kb3 Rgd8
22.Rgd1 Ka8 23.Rbc1 Nb8 24.Bb6 Rxd1 25.Rxd1 Bf6 26.e5 Be7 27.Bd3 Nc6 28.Be4 Nb8
29.b5 f5 30.exf6 Bxf6 31.bxa6 Nxa6 32.Rd7 Rc3+ 33.Ka2 Nb4+ 34.Kb1 Rb3+ 35.Kc1 Na2+
36.Kd2 Rb2+ 37.Ke1 Nc3 38.Rf7 Bh4+ 39.Kf1  1-0

[Event "It"]
[Site "Lviv UKR"]
[Date "2003.08.10"]
[Round "2"]
[White "Kryvoruchko,Y"]
[Black "Oleksienko,M"]
[Result "1-0"]
[WhiteElo "2415"]
[BlackElo "2405"]

1.c4 Nf6 2.Nc3 c5 3.Nf3 d5 4.cxd5 Nxd5 5.e4 Nb4 6.Bc4 Nd3+ 7.Ke2 Nxc1+ 8.Rxc1 Nc6
9.Bb5 Bd7 10.d4 cxd4 11.Bxc6 bxc6 12.Qxd4 Qb6 13.Rhd1 Qxd4 14.Rxd4 g6 15.Rcd1 Bg4
16.Rc4 Bg7 17.Rxc6 O-O 18.h3 Bxf3+ 19.Kxf3 Rab8 20.Rd2 Rb7 21.b3 Bxc3 22.Rxc3 Rfb8
23.Rcd3 Rc7 24.Rd7 Rbb7 25.Rxc7 Rxc7 26.Rd5 Kf8 27.Ra5 Ke8 28.Ke3 Kd7 29.b4 Rb7
30.a3 Kc6 31.Kd4 Kb6 32.f4 Rd7+ 33.Rd5 Rc7 34.Ke5 Rc3 35.Rd7 Rxa3 36.Rxe7 Rb3
37.Rxf7 Rxb4 38.Rxh7 a5 39.Rg7 Rb5+ 40.Kd4 a4 41.Rxg6+ Kb7 42.Kc4 Ra5 43.Rg5  1-0

[Event "US Open"]
[Site "Los Angeles USA"]
[Date "2003.08.11"]
[Round "7"]
[White "Christiansen,L"]
[Black "Mezentsev,V"]
[Result "1/2-1/2"]
[WhiteElo "2545"]
[BlackElo "2423"]

1.c4 c5 2.Nf3 Nf6 3.Nc3 g6 4.d4 cxd4 5.Nxd4 Bg7 6.e4 Nc6 7.Be3 O-O 8.Be2 b6
9.O-O Bb7 10.Nxc6 dxc6 11.e5 Ne8 12.f4 Qc7 13.Qb3 Bc8 14.Bf3 Be6 15.Qa4 Rc8
16.Ne2 c5 17.Nc3 Bd7 18.Qa6 e6 19.Rad1 Rd8 20.Bf2 f6 21.Bh4 Bc8 22.Qa4 Rxd1
23.Rxd1 fxe5 24.Bd8 Qf7 25.Ne4 h6 26.Kh1 exf4 27.b4 cxb4 28.Qxb4 Bb7 29.Qa4 Bxe4
30.Bxe4 f3 31.Bxf3 Qf4 32.Qc6 Be5 33.Qxe6+ Kh7 34.Qh3 Qxc4 35.Bg5 Bg7 36.Be3 Qxa2
37.Qg3 Qe6 38.Bg1 Nf6 39.Rd6 Qf5 40.Rc6 Rf7 41.Qe1 Rd7 42.Re6 Rc7 43.Re2 Qc8
44.Be3 Re7 45.g3 Qe8 46.Kg2 Qa4 47.Bf2 Rxe2 48.Qxe2 Qd7 49.Qa2 Qe7 50.h3 Ne8
51.Qd5 Be5 52.Qa8 Nf6 53.Bb7 Ne8 54.Bc6 Nd6 55.Bd5 Qg7 56.g4 Nb5 57.Bc4 Nd4
58.h4 h5 59.gxh5 gxh5+ 60.Kf1 Qg4 61.Qxa7+ Bg7 62.Bd3+ Kg8 63.Qa8+ Kf7 64.Qb7+ Kf8
65.Qb8+ Ke7 66.Qc7+ Qd7 67.Qxd7+ Kxd7 68.Bg6 Nf3  1/2-1/2

[Event "It"]
[Site "Lviv UKR"]
[Date "2003.08.13"]
[Round "5"]
[White "Bondarets,V"]
[Black "Kravtsiv,M"]
[Result "1/2-1/2"]
[WhiteElo "2388"]
[BlackElo "2160"]

1.Nf3 Nf6 2.c4 c5 3.Nc3 d5 4.cxd5 Nxd5 5.d4 Nxc3 6.bxc3 cxd4 7.cxd4 Bg4 8.Ne5 Bh5
9.Qb3 Qxd4 10.Bb2 Qb6 11.g4 Bg6 12.Bg2 e6 13.Qa4+ Nc6 14.O-O Qxb2 15.Bxc6+ Ke7
16.Bxb7 Qxe5 17.Bxa8 Kf6 18.Rad1 Bd6 19.g5+ Qxg5+ 20.Bg2 Bb8 21.Qc4 Qf4 22.Qxf4+ Bxf4
23.Rd7 a5 24.e3 Be5 25.Ra7 Bc3 26.Ra8 Rxa8 27.Bxa8 a4 28.Rc1 Bb2 29.Rc4 a3
30.Be4 Bh5 31.f3 Ke7 32.Kf2 f5 33.Bc2 Be8 34.Bb3 h6 35.Ba4 Bf7 36.Rc7+ Kf6
37.Bb3 g5 38.Ra7 h5 39.h3 h4 40.Ra8 Bc1 41.Rc8 Bb2 42.Rb8 Bc1 43.Ba4 Ke7
44.Rb7+ Kf6  1/2-1/2

[Event "ADCF Masters"]
[Site "Abu Dhabi UAE"]
[Date "2003.08.16"]
[Round "1"]
[White "Kengis,E"]
[Black "Ezat,M"]
[Result "1-0"]
[WhiteElo "2586"]
[BlackElo "2410"]

1.Nf3 Nf6 2.c4 c5 3.Nc3 d5 4.cxd5 Nxd5 5.d4 cxd4 6.Qxd4 Nxc3 7.Qxc3 Nc6 8.e4 Bg4
9.Bb5 Rc8 10.O-O a6 11.Ba4 b5 12.Bb3 e6 13.Bg5 Qb6 14.Rac1 Bxf3 15.gxf3 Qb8
16.Rfd1 Bd6 17.Qxg7 Bxh2+ 18.Kh1 Be5 19.Bf6 Bxf6 20.Qxf6 Rg8 21.Rd7 Kxd7
22.Qxf7+ Ne7 23.Bxe6+ Kd6 24.Rd1+ Kc6 25.Bxc8 Qxc8 26.Rc1+ Kd7 27.Rxc8 Rxc8
28.f4 Rc1+ 29.Kg2 Rc2 30.f5  1-0

[Event "ADCF Masters"]
[Site "Abu Dhabi UAE"]
[Date "2003.08.16"]
[Round "1"]
[White "Raetsky,A"]
[Black "Ibrahim,I UAE"]
[Result "1-0"]
[WhiteElo "2438"]
[BlackElo "2052"]

1.c4 Nf6 2.Nc3 c5 3.Nf3 g6 4.d4 cxd4 5.Nxd4 Bg7 6.g3 Nc6 7.Bg2 Nxd4 8.Qxd4 O-O
9.O-O d6 10.Qd3 Be6 11.Bd2 Nd7 12.b3 Rc8 13.Rac1 Nc5 14.Qb1 a5 15.Nd5 Re8
16.h3 Bd7 17.Rfd1 b5 18.cxb5 Bxb5 19.Be3 Bxe2 20.Rd2 Bd3 21.Rxd3 Nxd3 22.Rxc8 Qxc8
23.Qxd3 e6 24.Nb6 Qc3 25.Qxd6 Qa1+ 26.Kh2 Qxa2 27.Bc6 Bf8 28.Qc7 Qc2 29.Nc4 Re7
30.Qd8 f5 31.Ne5 f4 32.gxf4 Qf5 33.Ng4 Qc2 34.Bd4  1-0

[Event "Jezero Open"]
[Site "Belgrade YUG"]
[Date "2003.08.16"]
[Round "3"]
[White "Mozetic,D"]
[Black "Zivkovic,Drago"]
[Result "1-0"]
[WhiteElo "2448"]
[BlackElo "2117"]

1.Nf3 Nf6 2.c4 c5 3.Nc3 e6 4.e4 d6 5.d4 cxd4 6.Nxd4 a6 7.Be2 Qc7 8.O-O Be7
9.Be3 Nc6 10.Rc1 O-O 11.Nd5 exd5 12.cxd5 Bd7 13.Bf3 Rac8 14.dxc6 bxc6 15.e5 dxe5
16.Nxc6 Bxc6 17.Bxc6 Qa5 18.a3 Rfd8 19.Qe1 Qxe1 20.Rfxe1 Rb8 21.b4 Rd3 22.Bc5 Bxc5
23.bxc5 Rxa3 24.g3 e4 25.Bxe4 Nxe4 26.Rxe4 Kf8 27.Rd4 Rc8 28.Rd7 Rc6 29.Kg2 g6
30.Rc4 Ra5 31.Rf4 f5 32.Rxh7 Raxc5 33.Rd4 Kg8 34.Rdd7 Rf6 35.Rdg7+ Kf8 36.Ra7 Kg8
37.Rhg7+ Kh8 38.Rgd7 Rc8 39.Kh3 f4 40.g4 Rfc6 41.Kh4 Rb6 42.Kg5 Rc5+ 43.Kh6 g5+
44.Kh5 Rb8 45.Rxa6 Rc2 46.Kh6 Rbc8 47.Rg6  1-0

[Event "ADCF Masters"]
[Site "Abu Dhabi UAE"]
[Date "2003.08.17"]
[Round "2"]
[White "Nadir,S"]
[Black "Magerramov,E"]
[Result "0-1"]
[WhiteElo "2171"]
[BlackElo "2566"]

1.c4 c5 2.Nc3 e6 3.Nf3 Nf6 4.d4 cxd4 5.Nxd4 d5 6.e3 Nc6 7.a3 Bd6 8.Ndb5 Bb8
9.cxd5 exd5 10.Be2 O-O 11.O-O Re8 12.b3 a6 13.Nd4 Nxd4 14.exd4 Qc7  0-1

[Event "Open"]
[Site "Vienna AUT"]
[Date "2003.08.18"]
[Round "3"]
[White "Khmelevsky,S"]
[Black "Niklasch,O"]
[Result "1-0"]
[WhiteElo "2263"]
[BlackElo "2371"]

1.c4 Nf6 2.Nc3 c5 3.Nf3 e6 4.g3 b6 5.Bg2 Bb7 6.O-O d6 7.d4 cxd4 8.Nxd4 Bxg2
9.Kxg2 Qc7 10.b3 Qb7+ 11.f3 a6 12.e4 Be7 13.Be3 O-O 14.Qd2 Nbd7 15.Rfd1 Rfe8
16.Rac1 Rac8 17.Qf2 Bf8 18.Rc2 d5 19.exd5 exd5 20.Nxd5 Nxd5 21.cxd5 Qxd5
22.Rxc8 Rxc8 23.Qd2 Ne5 24.Qe2 Rd8 25.Rf1 b5 26.Kg1 h5 27.Nc2 Bc5 28.Kg2 Rd6
29.Bf4 Re6 30.Rd1 Ng6 31.Be3 Qe5 32.Rd3 Qb2 33.Qf2 Bxe3 34.Nxe3 Qb1 35.Rd1  1-0

[Event "ADCF Masters"]
[Site "Abu Dhabi UAE"]
[Date "2003.08.20"]
[Round "5"]
[White "Rahman,Zia"]
[Black "Sargissian,G"]
[Result "0-1"]
[WhiteElo "2521"]
[BlackElo "2600"]

1.Nf3 Nf6 2.c4 c5 3.Nc3 e6 4.g3 b6 5.Bg2 Bb7 6.O-O Be7 7.Re1 Ne4 8.Nxe4 Bxe4
9.d3 Bb7 10.e4 O-O 11.d4 cxd4 12.Nxd4 d6 13.b3 a6 14.Bb2 Nd7 15.Qe2 Qc7 16.Rad1 Rac8
17.Rd2 Rfe8 18.Qd1 Qb8 19.a4 Qa8 20.Re3 Nc5 21.Rde2 g6 22.Bh3 Bf8 23.f3 Rcd8
24.Nc2 b5 25.axb5 axb5 26.cxb5 d5 27.Qf1 dxe4 28.fxe4 Nxe4 29.b4 f5 30.Bg2 Qa7
31.Kh1 Rd7 32.Na3 Red8 33.Rxe4 fxe4 34.Qf6 Bg7 35.Qxe6+ Rf7 36.h4 Bxb2  0-1

[Event "Jezero Open"]
[Site "Belgrade YUG"]
[Date "2003.08.20"]
[Round "7"]
[White "Mozetic,D"]
[Black "Pavlovic,Mi2"]
[Result "1/2-1/2"]
[WhiteElo "2448"]
[BlackElo "2442"]

1.Nf3 c5 2.c4 Nf6 3.Nc3 d5 4.cxd5 Nxd5 5.d4 cxd4 6.Qxd4 Nxc3 7.Qxc3 Nc6 8.e4 e6
9.Bb5 Bd7 10.O-O Qb6 11.a4 Qc5 12.Qd3 Qd6 13.Qe2 Be7 14.Rd1 Qc7 15.a5 Rd8
16.Be3 O-O 17.Rdc1 Qb8 18.a6 Nb4 19.axb7 Bxb5 20.Qxb5 a6 21.Qe5 Bd6 22.Qh5 Qxb7
23.e5 Be7 24.Qg4 Kh8 25.Rc4 Rc8  1/2-1/2

[Event "XI Open A"]
[Site "Mislata ESP"]
[Date "2003.08.20"]
[Round "2"]
[White "Garcia Roman,D"]
[Black "Bressanelli,R"]
[Result "1/2-1/2"]
[WhiteElo "2356"]
[BlackElo "2090"]

1.c4 c5 2.Nc3 Nf6 3.Nf3 d5 4.cxd5 Nxd5 5.g3 g6 6.Bg2 Bg7 7.O-O O-O 8.d4 cxd4
9.Nxd4 Nxc3 10.bxc3 a6 11.Qb3 Qc7 12.Rb1 Nd7 13.Ba3 Re8 14.Rfd1 e6 15.e3 Bf8
16.Bxf8 Rxf8 17.h4 Rb8 18.h5 Nc5 19.Qb4 Bd7 20.Nf3 f6 21.Bh3 Kf7 22.h6 Rbd8
23.Rd2 Bc8 24.Rbd1 Rxd2 25.Rxd2 b5 26.Qd4 Bb7 27.Ng5+ Kg8 28.Nxe6 Qc6 29.e4 Nxe6
30.Qd7 Re8 31.Qxc6 Bxc6 32.Rd6 Ng5 33.Rxc6 Nxh3+ 34.Kg2 Ng5 35.f3 Ra8 36.Rxf6 Nf7
37.Rc6 Nxh6 38.g4 Ra7 39.g5 Nf7 40.f4 Kg7 41.e5 h6 42.e6 hxg5 43.exf7 gxf4
44.Rxg6+ Kxf7 45.Rc6 a5 46.Rb6 b4 47.cxb4 axb4  1/2-1/2

[Event "Jezero Open"]
[Site "Belgrade YUG"]
[Date "2003.08.21"]
[Round "8"]
[White "Cvetkovic,Sr"]
[Black "Cobic,V"]
[Result "1/2-1/2"]
[WhiteElo "2409"]
[BlackElo "2378"]

1.c4 c5 2.Nf3 Nf6 3.Nc3 d5 4.cxd5 Nxd5 5.g3 Nc6 6.Bg2 Nxc3 7.bxc3 e5 8.d3 Be7
9.O-O O-O 10.Rb1 Qc7 11.Nd2 Be6 12.Nc4 Rad8 13.Qa4 Bd5 14.Bxd5 Rxd5 15.Ne3 Rd7
16.c4 b6 17.Nd5 Qd6 18.Bb2 Rfd8 19.e4 Nb4 20.Rbd1 Nxd5 21.cxd5 Bg5 22.Bc3 Rc7
23.Qc4 Re7 24.a4 f5 25.Qa2 f4 26.Qe2 Qg6 27.Qg4 h5 28.Qh3 Bf6 29.Rb1 f3 30.a5 Rd6
31.Rfe1 Qg4 32.Qxg4 hxg4 33.h3 Bg5 34.Rb2 Kf7 35.Reb1 bxa5 36.Rb7 Rxb7 37.Rxb7+ Kf6
38.hxg4 Rb6 39.Rxa7 Rb1+ 40.Kh2 Rf1 41.Ra6+ Kf7 42.Bxe5 Rxf2+ 43.Kh3 Rf1
44.Ra7+ Ke8 45.Kh2 Rf2+ 46.Kh3  1/2-1/2

[Event "TCh-BIH"]
[Site "Neum BIH"]
[Date "2003.08.23"]
[Round "1"]
[White "Kovacevic,B"]
[Black "Pasic,E"]
[Result "1-0"]
[WhiteElo "2454"]
[BlackElo "2257"]

1.Nf3 Nf6 2.c4 g6 3.Nc3 c5 4.d4 cxd4 5.Nxd4 Nc6 6.e4 d6 7.Be2 Bg7 8.Be3 O-O
9.O-O Bd7 10.Qd2 a6 11.f3 Re8 12.Rac1 Rc8 13.Nxc6 Bxc6 14.b4 b6 15.Rfd1 Bb7
16.Bf1 Nd7 17.Nd5 a5 18.a3 Ra8 19.Qf2 axb4 20.axb4 Ra4 21.Rb1 Bxd5 22.cxd5 Qa8
23.Bb5 Ra2 24.Qh4 Bf6 25.Qh3 Qa3 26.Rd3  1-0

[Event "9th Open"]
[Site "Pilsen-Lobzy CZE"]
[Date "2003.08.23"]
[Round "8"]
[White "Gross,S"]
[Black "Hodova,L"]
[Result "1-0"]
[WhiteElo "2328"]
[BlackElo "2059"]

1.Nf3 c5 2.c4 Nf6 3.Nc3 d5 4.cxd5 Nxd5 5.g3 Nc6 6.Bg2 Nc7 7.d3 e5 8.Nd2 Bd7
9.O-O Be7 10.Nc4 O-O 11.Bxc6 Bxc6 12.Nxe5 Be8 13.Be3 Ne6 14.Qb3 Bf6 15.Nf3 Bc6
16.Ne4 Nd4 17.Bxd4 cxd4 18.Qb4 Bxe4 19.dxe4 Re8 20.Rfd1 Rxe4 21.Qxb7 Rxe2
22.Nxd4 Bxd4 23.Rxd4 Qe8 24.Rad1 Re1+ 25.Rxe1 Qxe1+ 26.Kg2 Re8 27.Qxa7 Qb1
28.Qa4 Rc8 29.Qc4 Rf8 30.b4  1-0

[Event "Open"]
[Site "Vienna AUT"]
[Date "2003.08.23"]
[Round "8"]
[White "Hoelzl,F"]
[Black "Balinov,I"]
[Result "1-0"]
[WhiteElo "2354"]
[BlackElo "2417"]

1.Nf3 c5 2.c4 Nf6 3.Nc3 e6 4.e4 d6 5.d4 cxd4 6.Nxd4 a6 7.g3 b6 8.Bg2 Bb7
9.O-O Nbd7 10.b3 Qc7 11.Bb2 Rc8 12.Qe2 Qb8 13.Nd5 Be7 14.Nxe7 Kxe7 15.Rad1 Nc5
16.e5 dxe5 17.Nf5+ Kf8 18.Bxe5 Bxg2 19.Bxb8 Rxb8 20.Qe5  1-0

[Event "ch-FRA w"]
[Site "Aix les Bains FRA"]
[Date "2003.08.24"]
[Round "7"]
[White "Aleksieva,S"]
[Black "Nepeina Leconte,M"]
[Result "1/2-1/2"]
[WhiteElo "2352"]
[BlackElo "2302"]

1.Nf3 c5 2.c4 Nf6 3.Nc3 d5 4.cxd5 Nxd5 5.d4 Nxc3 6.bxc3 g6 7.e3 Bg7 8.Bb5+ Bd7
9.Bxd7+ Nxd7 10.Rb1 Qc7 11.Qb3 b6 12.O-O O-O 13.a4 e5 14.Ba3 Rfe8 15.Rfc1  1/2-1/2

[Event "ADCF Masters"]
[Site "Abu Dhabi UAE"]
[Date "2003.08.25"]
[Round "9"]
[White "Hasangatin,R"]
[Black "Vakhidov,T"]
[Result "0-1"]
[WhiteElo "2515"]
[BlackElo "2528"]

1.c4 Nf6 2.Nf3 c5 3.Nc3 d5 4.cxd5 Nxd5 5.g3 Nc6 6.Bg2 g6 7.Qa4 Nb6 8.Qb5 Nd7
9.Qc4 Bg7 10.d3 O-O 11.O-O Nd4 12.Nxd4 cxd4 13.Nb5 a6 14.Nc7 b5 15.Qb4 Ra7
16.Nd5 Nb6 17.Qc5 Rb7 18.Bf4 e5 19.Bxe5 Bxe5 20.Nxb6 Rxb6 21.Qxe5 Re6 22.Qf4 Rxe2
23.b4 Bf5 24.Qf3 Rc2 25.g4 Be6 26.Rfe1 Qg5 27.a4 bxa4 28.Rxa4 Bxg4 29.Qg3 Qd2
30.Raa1 Bf5 31.Red1 Qxb4 32.Rxa6 Rd2 33.Rxd2 Qxd2 34.Bf1 Re8 35.Rf6 Be6 36.Rf4 Rd8
37.h4 Qc1 38.h5 Bh3 39.h6 Qxf1+ 40.Kh2 Be6 41.Rxd4 Rc8 42.Qh4 f6 43.Rc4 Rxc4
44.dxc4 g5 45.Qg3 Qe1 46.Qb8+  0-1

[Event "XI Open A"]
[Site "Mislata ESP"]
[Date "2003.08.25"]
[Round "6"]
[White "Garcia Roman,D"]
[Black "Sanchez Guirado,F"]
[Result "0-1"]
[WhiteElo "2356"]
[BlackElo "2383"]

1.c4 g6 2.Nc3 c5 3.Nf3 Nf6 4.e4 d6 5.d4 cxd4 6.Nxd4 Nc6 7.f3 Bg7 8.Be3 O-O
9.Qd2 Nxd4 10.Bxd4 Be6 11.Rc1 Qa5 12.Be3 Rfc8 13.Nd5 Qxd2+ 14.Kxd2 Nxd5 15.exd5 Bd7
16.Bd3 a5 17.Rc2 a4 18.Rb1 a3 19.bxa3 Rxa3 20.Rxb7 Ba4 21.Ra7 e6 22.dxe6 fxe6
23.Bb6 d5 24.c5 Bd4 25.Bb5 Be3+ 26.Kd1 Bxc2+ 27.Kxc2 Rxa7 28.Bxa7 Ra8 29.Bb6 Rxa2+
30.Kd3 Ra3+ 31.Ke2 Kf7 32.Bd3 Bd4  0-1

[Event "ch-FRA w"]
[Site "Aix les Bains FRA"]
[Date "2003.08.27"]
[Round "9"]
[White "Aleksieva,S"]
[Black "Wohlers Armas,F"]
[Result "1-0"]
[WhiteElo "2352"]
[BlackElo "2157"]

1.Nf3 Nf6 2.c4 g6 3.Nc3 c5 4.e4 d6 5.d4 Na6 6.d5 Bg7 7.h3 O-O 8.Bd3 e6 9.O-O exd5
10.cxd5 Nc7 11.a4 b6 12.Bf4 Ba6 13.Bh2 Bxd3 14.Qxd3 a6 15.Nd2 Nfe8 16.Nc4 Rb8
17.Rfe1 f5 18.e5 f4 19.exd6 Nxd6 20.Ne5 Rb7 21.Nc6 Qg5 22.Rad1 f3 23.Bg3 Nce8
24.Ne4 Nxe4 25.Rxe4 fxg2 26.d6 Nf6 27.Re7 Rxe7 28.dxe7 Re8 29.Kxg2 Qf5 30.Qc4+ Kh8
31.Rd8 g5 32.Ne5 h5 33.Nf7+ Kh7 34.Nd6 Qg6 35.Nxe8 Nxe8 36.Qd5 h4 37.Be5 g4
38.Bxg7 gxh3+ 39.Kxh3 Nxg7 40.Qg8+ Kh6 41.Qh8+ Kg5 42.Qxg7 Qxg7 43.e8=Q  1-0

[Event "1st League TCh-SCG w"]
[Site "Budva SCG"]
[Date "2003.08.30"]
[Round "2"]
[White "Vujic Katanic,B"]
[Black "Urosevic,M"]
[Result "1/2-1/2"]
[WhiteElo "2116"]
[BlackElo "2009"]

1.Nf3 Nf6 2.c4 c5 3.Nc3 e6 4.g3 b6 5.Bg2 Bb7 6.O-O Be7 7.Re1 O-O 8.e4 d6
9.d4 cxd4 10.Nxd4 Qc8 11.Be3 Nc6 12.Rc1 Nxd4 13.Bxd4 Rd8 14.Qe2 Rd7 15.f4 Qd8
16.g4 Rc8 17.g5 Ne8 18.h4 Ba6 19.b3 Nc7 20.Bh3 d5 21.exd5 Nxd5 22.Nxd5  1/2-1/2

[Event "22nd NAO"]
[Site "Oklahoma USA"]
[Date "2003.08.30"]
[Round "4"]
[White "Donaldson,J"]
[Black "Anderson,R"]
[Result "1-0"]
[WhiteElo "2440"]
[BlackElo "2254"]

1.Nf3 c5 2.c4 Nf6 3.Nc3 g6 4.d4 Bg7 5.e4 d6 6.Be2 O-O 7.O-O cxd4 8.Nxd4 Nc6
9.Be3 a5 10.f3 Nd7 11.Ndb5 b6 12.Qd2 Re8 13.Nd5 Rb8 14.Rac1 Bb7 15.Rfd1 Nc5
16.b3 Rc8 17.Rb1 Ne5 18.Bg5 f6 19.Be3 Rf8 20.f4 Ned7 21.Bf3 Rf7 22.a3 Kh8
23.b4 axb4 24.axb4 Ne6 25.Rbc1 f5 26.exf5 gxf5 27.Bh5 Rf8 28.Re1 Nf6 29.Bxb6 Qd7
30.Nxf6 Bxf6 31.Be3 Rg8 32.Re2 Rg7 33.Nd4 Nxd4 34.Bxd4 e5 35.Bb2 Rcg8 36.fxe5 Qc6
37.exf6 Rxg2+ 38.Rxg2 Rxg2+ 39.Kf1 Rg1+ 40.Kxg1 Qh1+ 41.Kf2 Qxh2+ 42.Ke1 Qh1+
43.Ke2 Qxh5+ 44.Kd3 Be4+ 45.Kd4 Qg4 46.Qe3  1-0

[Event "22nd NAO"]
[Site "Oklahoma USA"]
[Date "2003.08.31"]
[Round "6"]
[White "Datta,D"]
[Black "Ellis,J"]
[Result "0-1"]
[WhiteElo "2113"]
[BlackElo "2150"]

1.c4 c5 2.Nf3 Nf6 3.Nc3 e6 4.d4 cxd4 5.Nxd4 Bb4 6.g3 O-O 7.Bg2 d5 8.cxd5 Nxd5
9.Qb3 Bxc3+ 10.bxc3 Nc6 11.Nxc6 bxc6 12.Ba3 Re8 13.c4 Qa5+ 14.Kf1 Ba6 15.cxd5 Rab8
16.Qf3 exd5 17.Re1 Rxe2 18.Qxe2 Bxe2+ 19.Kxe2 Qxa3  0-1

[Event "22nd NAO"]
[Site "Oklahoma USA"]
[Date "2003.08.31"]
[Round "8"]
[White "Donaldson,J"]
[Black "Langer,M"]
[Result "1/2-1/2"]
[WhiteElo "2440"]
[BlackElo "2267"]

1.Nf3 c5 2.c4 Nf6 3.Nc3 d5 4.cxd5 Nxd5 5.d4 cxd4 6.Qxd4 Nxc3 7.Qxc3 Nc6 8.e4 e6
9.a3 Bd7 10.Be2 Rc8 11.O-O Na5 12.Qd3 Ba4 13.Qxd8+ Rxd8 14.Be3 Nb3 15.Bd1 a6
16.Bxb3 Bxb3 17.Rfc1 Bd6 18.Bb6 Ra8 19.Bc7 Be7 20.a4 Bf6 21.Be5 Rd8 22.Bxf6 gxf6
23.a5 Ke7 24.Kf1 Rc8 25.Ke2  1/2-1/2

[Event "WGM"]
[Site "Punat CRO"]
[Date "2003.08.31"]
[Round "7"]
[White "Srebrnic,A"]
[Black "Franciskovic,B"]
[Result "1-0"]
[WhiteElo "2243"]
[BlackElo "2034"]

1.Nf3 Nf6 2.c4 c5 3.Nc3 e6 4.g3 b6 5.Bg2 Bb7 6.O-O Be7 7.d4 cxd4 8.Qxd4 d6
9.Bg5 a6 10.Bxf6 Bxf6 11.Qf4 Bxf3 12.exf3 Ra7 13.Rfd1 Rd7 14.Qe3 O-O 15.f4 Bxc3
16.Qxc3 Qc7 17.Rac1 Rc8 18.Qd2 Nc6 19.Rc3 Ne7 20.Be4 Ng6 21.f5 Nf8 22.fxe6 fxe6
23.Bg2 Rcd8 24.b4 a5 25.a3 axb4 26.axb4 Ng6 27.Qe3 Re7 28.f4 Nf8 29.Ra1 Rb8
30.Qd4 Kh8 31.Ra6 e5 32.fxe5 Rxe5 33.Ra1 Rbe8 34.Bd5 Qe7 35.Rf1 Re1 36.Rf3 Rxf1+
37.Rxf1 Nd7 38.Bc6 Rb8 39.Bxd7 Qxd7 40.Qxb6 Re8 41.b5 h6 42.Qd4 Qe6 43.b6 Qe7
44.Rb1 Qb7 45.Qd5 Qxd5 46.cxd5 Rb8 47.Kf2 Kg8 48.Ke3 Kf7 49.Kd4 Ke7 50.Kc4 Kd7
51.Kb5 Kc8 52.Re1  1-0

[Event "Acropolis GM"]
[Site "Athens GRE"]
[Date "2003.09.01"]
[Round "8"]
[White "Johannessen,LE"]
[Black "Schmaltz,R"]
[Result "0-1"]
[WhiteElo "2525"]
[BlackElo "2530"]

1.Nf3 Nf6 2.c4 e6 3.Nc3 c5 4.g3 b6 5.Bg2 Bb7 6.O-O Be7 7.Re1 a6 8.e4 d6 9.d4 cxd4
10.Nxd4 Qc7 11.Be3 O-O 12.Rc1 Nbd7 13.f4 h5 14.h3 Rfe8 15.Bf2 g6 16.Nd5 exd5
17.cxd5 Nc5 18.b4 Rad8 19.bxc5 dxc5 20.Ne2 b5 21.Qc2 c4 22.Rcd1 Bc5 23.Nc3 b4
24.Na4 Bxf2+ 25.Qxf2 c3 26.Nc5 Ba8 27.Nxa6 Qa5 28.Nc5 Rc8 29.Nb3 Qa3 30.Qc2 Qa7+
31.Kh2 h4 32.g4 Rc4 33.e5 Nxd5 34.Rxd5 Rxf4 35.Rc5 Rd8 36.Re2 Bxg2 37.Rxg2 Rf1
38.Rf2 Re1 39.Re2 Red1 40.Rf2 Qa8 41.Rg2 Qf3 42.Qf2 Rh1+ 43.Kxh1 Qxh3+ 44.Kg1 Rd1+
45.Qf1 Qe3+ 46.Rf2 Qg3+ 47.Rg2 Rxf1+ 48.Kxf1 Qf3+ 49.Rf2 Qd1+ 50.Kg2 Qxg4+
51.Kf1 h3  0-1